Statistics for Pitch Perfect 3 Riff Off Songs

Click here to take the quiz!

General Stats

  • This quiz has been taken 65 times
  • The average score is 6 of 14

Answer Stats

Song% Correct
Zombie
94%
Wake Me Up
58%
Human
56%
Grenade
44%
Love Me Harder
42%
Stronger (What Doesn't Kill You)
42%
Shut Up and Dance
38%
Call Me
31%
Fly Away
29%
Get This Party Started
27%
If I Were A Boy
27%
Ignition (Remix)
27%
Let Me Ride
23%
One More Night
13%

Score Distribution

Percentile by Number Answered

Percent of People with Each Score

Your Score History

You have not taken this quiz